00377nam a2200109Ia 4500008004100000100002300041245009100064260001600155300001200171650001600183856006800199160712s9999 xx 000 0 und d aSy Cruz, Melodina. cMelodina Sy CruzaThe Letter and the Scroll: What Archaeology Tells Us about the Bible c2011bHukay avol. 16 xARCHAEOLOGY uhttp://journals.upd.edu.ph/index.php/asp/issue/view/423/showToc